| 000 | 00361nam a2200145Ia 4500 | ||
|---|---|---|---|
| 008 | 230312s9999||||xx |||||||||||||| ||und|| | ||
| 020 | _a93-392-2077-8 | ||
| 082 |
_a615.1 _bKAT-B |
||
| 100 | _aKatzung;Bertram.G | ||
| 245 | 0 | _aBasic & Clinical Pharmacology | |
| 260 |
_bMcGrawhill _aUSA _c2018 |
||
| 300 | _a1250 | ||
| 650 |
_aMedical _vPharmacology |
||
| 942 | _cBK | ||
| 999 |
_c3482 _d3482 |
||